000 00692nam a2200205Ia 4500
005 20250507130340.0
008 008 250505s9999 xx 000 0 eng d
020 _a9780195123937
037 _aAnnuals, Advances
040 _aEASL
_beng
_cEASL
041 _aeng
_2eng
084 _aQ4596:6815, N9
_qEASL
100 _aArai Paula Kane Robinson Au.
_9665172
245 0 _aWomen living zen: Japanese soto Buddhist nuns
260 _aUSA
_bNew York Oxford university press
_c1999
300 _axix,233p.
650 _amonasticandreligiouslife for women-japan religiouslifesotoshu; JEL
_9755244
942 _cTEXL
_hQ4596:6815, N9
999 _c1319156
_d1319156